|
|
|
|
| LEADER |
00000cam a2200000 7i4500 |
| 001 |
0000000082 |
| 005 |
20020711.0 |
| 020 |
0 |
0 |
|a 9839592580
|
| 090 |
0 |
0 |
|a 634.90720595
|b CON 1996
|
| 110 |
1 |
0 |
|a CONFERENCE on Forestry and Forest Products Research
|i 3rd
|j Kuala Lumpur
|k 1993
|
| 245 |
1 |
0 |
|a Proceedings of theThird Conference, 3-4 October 1995
|c editors Abdul Rashid Ab. Malik ... [et al.]
|
| 260 |
0 |
0 |
|a Kuala Lumpur :
|b FRIM ,
|c 1996.
|
| 300 |
|
|
|a 2 v. :
|b ill. ;
|c 25 cm.
|
| 500 |
0 |
0 |
|a Includes bibliographical references
|
| 650 |
0 |
0 |
|a Forest management
|x Research
|x Congresses
|
| 650 |
0 |
0 |
|a Forest products industry
|x Research
|x Congresses
|
| 650 |
0 |
0 |
|a Forest products
|x Research
|x Congresses
|
| 650 |
0 |
0 |
|a Forests and forestry
|x Research
|x Congresses
|
| 650 |
0 |
0 |
|a Forests and forestry
|x Research
|x Economic aspects
|
| 700 |
0 |
1 |
|a Abdul Rashid Ab. Malik
|
| 700 |
0 |
1 |
|a Norhara Hussein
|
| 710 |
1 |
1 |
|a Institut Penyelidikan Perhutanan Malaysia (FRIM)
|
| 998 |
|
|
|a JPSM
|
| 999 |
|
|
|a 0000000964
|b Monograph
|c Open Shelf
|e Default branch
|
| 999 |
|
|
|a 0000000965
|b Monograph
|c Open Shelf
|e Default branch
|
| 999 |
|
|
|a 0000000966
|b Monograph
|c Open Shelf
|e Default branch
|
| 999 |
|
|
|a 0000000967
|b Monograph
|c Open Shelf
|e Default branch
|
| 999 |
|
|
|a 0000001026
|b Monograph
|c Open Shelf
|e Default branch
|
| 999 |
|
|
|a 0000001027
|b Monograph
|c Open Shelf
|e Default branch
|
| 999 |
|
|
|a 0000002218
|b Monograph
|c Open Shelf
|e Default branch
|